| 000 | 02126ncm0a2200373 4500 | ||
|---|---|---|---|
| 001 | RU\NLR\ONIZ\216104 | ||
| 005 | 20250626045140.0 | ||
| 013 | _a979-0-706400-80-8 | ||
| 021 |
_aRU _b13-369н _913-22н |
||
| 035 | _aRU\NLR\ONIZ\natafirs\5000001622\20161215113707 | ||
| 035 | _a(NLR Aleph) 011338454 | ||
| 071 | 2 | 0 | _aс 3715 к |
| 090 |
_a11178182 _c11178182 |
||
| 100 | _a20161215d2012 |||y0rusy50 ca | ||
| 101 | 0 | _arus | |
| 102 | _aRU | ||
| 125 | _azy | ||
| 200 | 1 |
_aЛисток из альбома _bНоты _dSheet from the album _eпьесы рус. и зарубеж. композиторов для балалайки и фп. _e1-4 кл. ДМШ _zeng _fсост., перелож. и ред. партии балалайки Л. Г. Блохиной |
|
| 210 |
_aСанкт-Петербург _cКомпозитор - Санкт-Петербург _d2012 |
||
| 215 |
_a26 с. _d30 см |
||
| 300 | _aПарал. рус., англ. | ||
| 313 | _aСистематизация документа проведена по изданию - Методика классифицирования музыкальных произведений (нотных изданий) по таблицам Библиотечно-библиографических классификаций : метод. рекомендации / Гос. б-ка СССР им. В.И. Ленина.- М., 1977. Индексу ББК методических рекомендаций присваивается код ББК для научных библиотек - LBC/SL | ||
| 606 | 1 |
_aПьесы для балалайки и фортепиано (мл. кл. ДМШ) _2nlr_sh |
|
| 686 |
_aЩ956.798я43 _vLBC/SL _2rubbk |
||
| 700 | 1 |
_9z03790 _aБлохина _bЛ. Г. _gЛариса Григорьевна _4220 _4340 _4030 _7ca |
|
| 790 | 1 |
_9z03700 _aBlokhina _bL. G. _gLarisa Grigor'evna _4220 _4340 _4030 _7ba |
|
| 801 | 0 |
_aRU _bNLR _c20161215 _gPSBO |
|
| 801 | 1 |
_aRU _bNLR _c20161215 _2rusmarc |
|
| 801 | 2 |
_aRU _bNLR _c20191001 |
|
| 852 |
_aNLR _bМ _jК-3/26721 _pМОЭ 2013-22н/369н _t1 |
||
| 942 | _cSCORE | ||
| 980 | _aNB | ||
| 980 | _aONIZ | ||